El profesor, los contenidos y el cambio en la escuela : una propuesta para el desarrollo profesional a través del cambio curricular /
Hay muchos factores que dificultan el cambio en la práctica docente. En este artículo se analizan algunos de ellos fundamentalmente en el campo de la educación secundaria, así como las relaciones de interacción que se establecen entre los mismos. Además, se propone como posible vía para el cambio es...
| Autor principal: | |
|---|---|
| Formato: | Libro |
| Lenguaje: | inglés |
MARC
| LEADER | 00000cam a2200000 a 4500 | ||
|---|---|---|---|
| 001 | 000131 | ||
| 003 | UAHC_CL | ||
| 005 | 20170803115620.0 | ||
| 008 | 030903b xx j 000 1 eng | ||
| 040 | |a UAHC_CL |c UAHC_CL |d UAHC_CL | ||
| 100 | 1 | |a De Alba, Nicolás | |
| 245 | 1 | 3 | |a El profesor, los contenidos y el cambio en la escuela : |b una propuesta para el desarrollo profesional a través del cambio curricular / |c Nicolás de Alba. |
| 300 | |a [7] p. | ||
| 500 | |a En: Investigación en la escuela. -- No. 49 (2003), p. 39-46. | ||
| 520 | |a Hay muchos factores que dificultan el cambio en la práctica docente. En este artículo se analizan algunos de ellos fundamentalmente en el campo de la educación secundaria, así como las relaciones de interacción que se establecen entre los mismos. Además, se propone como posible vía para el cambio escolar el desarrollo profesional de los doentes a través de la experimentación curricular de contenidos que parecen potencialmente muy educativos, como puede ser el de la desigualdad social. | ||
| 942 | |c BK | ||
| 999 | |c 131 |d 131 | ||